| 000 | 00385nam a2200145 i 4500 | ||
|---|---|---|---|
| 001 | bg | ||
| 100 | 1 | _aPIWOCKI, Ksawery | |
| 245 | 0 |
_aDzieje sztuki w zarysie. _nT. 2, _pOd wieków średnich do końca XVIII w. / _cKsawery Piwocki. |
|
| 260 |
_aWarszawa, _c1977. |
||
| 040 | _cBPK | ||
| 041 | _apol | ||
| 080 | _a7.03+72](091) | ||
| 942 | _cKS | ||
| 008 | s pl f |000 0 pol | ||
| 999 |
_c9735 _d9735 |
||
| 856 |
_uhttp://koha.tu.koszalin.pl/cgi-bin/koha/opac-detail.pl?biblionumber=9735 _yKatalog online BPK |
||